000 00714nam a22002417a 4500
001 30537
003 UA-OsUOA
005 20210826104712.0
007 ta
008 20041111b un ||||| |||| 00| 0 ukr d
040 _aUA-OsUOA
_brus
_cUA-OsUOA
_dUA-OsUOA
041 _arus
044 _aRU
080 _a821(47+57)(091)
090 _a821(47+57)(091)
_bИ90
245 _aИстория Советской многонациональной литературы
_cред. Г. И. Ломидзе
_nКн. 1
260 _aМосква
_bНаука
_c1971
300 _a510 с.
505 _gТ. 2
650 7 _2UDC
_a82 Література. Літературознавство
942 _cBK
_2udc
955 _a2
999 _c316950
_d316950